000 00540nam a2200193Ia 4500
008 131103s9999 xx 000 0 und d
040 _aLoreto College
041 _aEnglish
082 _a170/GRA
_bLCLIB/
100 _aGracias,Valcrian Cardinal
245 4 _aThe decline of public morals
_b a course of addresses
_cValcrian Cardinal Gracias
260 _aBombay
_bTheodore A.Percira
_c1959
300 _aix,145 p.
_c 19 cm.
504 _aIncludes appendix
650 _aEthics
651 _aEthics
850 _aLCLIB
942 _cBK
999 _c11545
_d62024